Countries of the World from Biggest to Smallest - Statistics

General Stats
  • This quiz has been taken 1,066 times
    644 since last reset
  • The average score is 48 of 196
Answers on the Map
Answers color-coded by a green-red scale on the quiz's map according to % correct below.
 
Answer Stats
Answer % Correct
Russia
100%
Canada
99%
Brazil
98%
China
98%
United States
98%
Australia
97%
India
96%
Argentina
92%
Kazakhstan
91%
Algeria
88%
Democratic Republic of the Congo
84%
Mexico
82%
Saudi Arabia
82%
Indonesia
75%
Iran
75%
Sudan
75%
Mongolia
74%
Libya
73%
Peru
73%
Chad
71%
Niger
69%
Angola
67%
Mali
67%
South Africa
65%
Colombia
64%
Bolivia
63%
Ethiopia
63%
Mauritania
61%
Egypt
60%
Tanzania
59%
Pakistan
57%
Namibia
56%
Nigeria
56%
Venezuela
56%
Mozambique
55%
Turkey
54%
Chile
53%
Myanmar
52%
Afghanistan
51%
Zambia
51%
Somalia
50%
Central African Republic
49%
Ukraine
49%
Madagascar
48%
South Sudan
47%
France
45%
Kenya
45%
Botswana
44%
Spain
39%
Thailand
39%
Yemen
39%
Cameroon
36%
Papua New Guinea
35%
Sweden
35%
Turkmenistan
35%
Morocco
33%
Uzbekistan
32%
Iraq
31%
Germany
30%
Japan
30%
Zimbabwe
29%
Paraguay
28%
Finland
26%
Philippines
25%
Republic of the Congo
25%
Vietnam
23%
Norway
21%
Vatican
21%
Poland
20%
Ivory Coast
19%
Italy
18%
Malaysia
18%
Monaco
18%
Oman
18%
Burkina Faso
16%
New Zealand
16%
United Kingdom
16%
Ecuador
15%
Guinea
15%
Romania
15%
Belarus
14%
Gabon
14%
Ghana
14%
Nauru
14%
Kyrgyzstan
12%
Laos
12%
Uganda
12%
Guyana
11%
San Marino
11%
Senegal
11%
Syria
11%
Cambodia
10%
Tuvalu
10%
Uruguay
10%
Liechtenstein
9%
Nepal
9%
Nicaragua
9%
North Korea
9%
Suriname
9%
Tajikistan
9%
Tunisia
9%
Bangladesh
8%
Bulgaria
8%
Cuba
8%
Eritrea
8%
Greece
8%
Guatemala
8%
Honduras
8%
Iceland
8%
Andorra
7%
Benin
7%
Liberia
7%
Malawi
7%
Saint Kitts and Nevis
7%
Saint Lucia
7%
Antigua and Barbuda
6%
Barbados
6%
Denmark
6%
Grenada
6%
Hungary
6%
Marshall Islands
6%
Portugal
6%
Saint Vincent and the Grenadines
6%
Seychelles
6%
South Korea
6%
Tonga
6%
Austria
5%
Azerbaijan
5%
Bahamas
5%
Bosnia and Herzegovina
5%
Croatia
5%
Czechia
5%
Dominica
5%
Dominican Republic
5%
Estonia
5%
Fiji
5%
Guinea-Bissau
5%
Ireland
5%
Jordan
5%
Latvia
5%
Lithuania
5%
Malta
5%
Palau
5%
Panama
5%
Samoa
5%
Serbia
5%
Singapore
5%
Sri Lanka
5%
Switzerland
5%
United Arab Emirates
5%
Vanuatu
5%
Belgium
4%
Belize
4%
Bhutan
4%
Burundi
4%
Cape Verde
4%
Comoros
4%
Costa Rica
4%
Cyprus
4%
El Salvador
4%
Eswatini
4%
Georgia
4%
Haiti
4%
Kiribati
4%
Luxembourg
4%
Maldives
4%
Mauritius
4%
Micronesia
4%
Netherlands
4%
São Tomé and Príncipe
4%
Sierra Leone
4%
Slovakia
4%
Slovenia
4%
Solomon Islands
4%
Taiwan
4%
Togo
4%
Trinidad and Tobago
4%
Albania
3%
Armenia
3%
Bahrain
3%
Brunei
3%
Djibouti
3%
Equatorial Guinea
3%
Gambia
3%
Israel
3%
Jamaica
3%
Kosovo
3%
Kuwait
3%
Lebanon
3%
Lesotho
3%
Moldova
3%
Montenegro
3%
North Macedonia
3%
Qatar
3%
Rwanda
3%
Timor-Leste
3%
No matching quizzes found
Score Distribution
Percent of People with Each Score
Percentile by Number Answered
Your Score History
You have not taken this quiz since the last reset